Prehľad možností systémového modelovania systémov pohonu 4x4
Guardado en:
| Autor principal: | |
|---|---|
| Otros Autores: | |
| Formato: | Manuscrito Libro |
| Lenguaje: | eslovaco |
| Publicado: |
Bratislava :
STU v Bratislave FEI,
2023
|
| Materias: | |
| Acceso en línea: | https://opac.crzp.sk/?fn=detailBiblioFormChildOSJPH&sid=08878EB2E7E37CD0919772C0752B&seo=CRZP-detail-kniha |
| Etiquetas: |
Sin Etiquetas, Sea el primero en etiquetar este registro!
|
MARC
| LEADER | 00000ntm a22000003a 4500 | ||
|---|---|---|---|
| 001 | stuzp87851 | ||
| 003 | SK-STU | ||
| 005 | 20240320140402.7 | ||
| 007 | ta | ||
| 008 | 150427s2015----xo-----f-mn---000-0-slo-d | ||
| 040 | |a STU |b slo | ||
| 041 | 0 | |a slo | |
| 044 | |a xo | ||
| 100 | 1 | |a Turčan, Maroš |u 030400 |4 aut |U FEI Fakulta elektrotechniky a informatiky |T FEI Ústav automobilovej mechatroniky |X 104079 |U E400 |Y 642 |7 104079 | |
| 242 | 0 | 1 | |a System Modeling of All-Wheel Drive Drivetrains: Overview |y eng |
| 245 | 1 | 0 | |a Prehľad možností systémového modelovania systémov pohonu 4x4 |
| 260 | |a Bratislava : |b STU v Bratislave FEI, |c 2023 | ||
| 300 | |a 62 s. | ||
| 650 | 4 | |a pohon všetkých štyroch kolies |2 slo | |
| 650 | 4 | |a automobil |2 slo | |
| 650 | 4 | |a Matlab |2 slo | |
| 650 | 4 | |a Simulink |2 slo | |
| 650 | 4 | |a four-wheel drive |2 eng | |
| 650 | 4 | |a Matlab |2 eng | |
| 650 | 4 | |a Simulink |2 eng | |
| 650 | 4 | |a all-wheel drive |2 eng | |
| 650 | 4 | |a vehicle |2 eng | |
| 700 | 1 | |a Gálik, Gabriel |u 030400 |k Z2 |4 ths |U FEI Fakulta elektrotechniky a informatiky |T FEI Ústav automobilovej mechatroniky |X 55772 |U E400 |Y 642 |7 A000055772 | |
| 856 | 4 | |u https://opac.crzp.sk/?fn=detailBiblioFormChildOSJPH&sid=08878EB2E7E37CD0919772C0752B&seo=CRZP-detail-kniha | |